000 00585nam a2200157 a 4500
001 000033335
005 20200930070203.0
008 110824s1953 dr c 000 0 spa d
040 _aDO-SdBNP
_bspa
_cBNPHU
082 _axxx
_bC471b
100 1 _aChardon, Carlos E.
_958926
245 1 0 _aBoussingault : /
_cCarlos E. Chardon.
260 _aCiudad Trujillo, República Dominicana :
_bMontalvo,
_c1953.
300 _a109 p. :
_bretr. ;
_c24 cm.
500 _aJuicio crítico del eminente agrónomo del siglo XIX, su viaje a la gran Colombia y sus relaciones con El Libertador y Mnuelita Saenz
999 _c32826
_d32826